Wszystkie skiny do Negeva w CS:GO - Statystyki

Ogólne statystyki
  • Ten quiz został rozwiązany 4 razy
  • Średni wynik to 8 z 20
Statystyki odpowiedzi
Jakość Skin % Poprawnych
Niebieski Bratatat
75%
Fioletowy dev_texture
75%
Niebieski Army Sheen
50%
Niebieski CaliCamo
50%
Niebieski Desert-Strike
50%
Niebieski Man-o'-war
50%
Różowy Mjolnir
50%
Niebieski Terrain
50%
Niebieski Anodized Navy
25%
Niebieski Boroque Sand
25%
Niebieski Bulkhead
25%
Niebieski Dazzle
25%
Fioletowy Lionfish
25%
Fioletowy Loudmouth
25%
Niebieski Nuclear Waste
25%
Niebieski Palm
25%
Niebieski Phoenix Stencil
25%
Fioletowy Power Loader
25%
Niebieski Prototype
25%
Niebieski Ultralight
25%
Nie znaleziono quizów pasujących do podanych kryteriów
Rozkład punktacji
Procent ludzi z każdym wynikiem
Percentyl według liczby udzielonych odpowiedzi
Twoja historia wyników
Nie rozwiązałeś tego quizu